| 000 | 00684cam a22002414a 4500 | ||
|---|---|---|---|
| 001 | 16578342 | ||
| 005 | 20241115114905.0 | ||
| 008 | 101214s2012 maua 001 0 eng | ||
| 020 | _a9780321726391 | ||
| 020 | _a0321726391 | ||
| 020 | _a9780321738325 | ||
| 020 | _a0321738322 | ||
| 050 | 0 | 0 |
_aQA152.3 _b.M35 2012 |
| 082 | 0 | 0 |
_a512 _222 |
| 100 | 1 |
_aMartin-Gay, K. Elayn, _d1955- |
|
| 245 | 1 | 0 |
_aAlgebra : _ba combined approach / _cElayn Martin-Gay. |
| 250 | _a4th ed. | ||
| 260 |
_aBoston : _bPearson Education, _c2012. |
||
| 300 |
_a1 v. (various pagings) : _bcol. ill. ; _c28 cm. |
||
| 500 | _aIncludes index. | ||
| 650 | 0 |
_aAlgebra _vTextbooks. |
|
| 942 |
_2lcc _cBK _e4th Ed. _n0 |
||
| 999 |
_c1244 _d1244 |
||